Normal view MARC view

Entry Nombre personal

Number of records used in: 24

001 - NÚMERO DE CONTROL

  • campo de control: 85316

003 - IDENTIFICADOR DE NÚMERO DE CONTROL

  • campo de control: OSt

005 - FECHA Y HORA DE LA ÚLTIMA TRANSACCIÓN

  • campo de control: 20230222192509.0

008 - ELEMENTOS DE DATO DE LONGITUD-FIJA

  • campo de control de longitud fija: 970925 n acnnnaaan n ann d

040 ## - FUENTE DE CATALOGACIÓN

  • Centro catalogador/agencia de origen: OSt
  • Centro/agencia transcriptor: OSt

100 00 - ENCABEZAMIENTO-NOMBRE DE PERSONA

  • Nombre de persona: Negro Pavón, Dalmacio

400 00 - TRAZADO DE VÉASE--NOMBRE DE PERSONA

  • Nombre de persona: Negro, Dalmacio